Count as High as you Can in Binary in Two Minutes - Statistics

General Stats
  • This quiz has been taken 201 times
    156 since last reset
  • The average score is 41 of 80
Answer Stats
# % Correct
1
100%
10
90%
11
84%
100
79%
101
79%
111
78%
1000
76%
1001
76%
1010
76%
110
76%
1011
75%
10000
74%
10001
74%
10010
74%
10011
74%
10100
74%
10101
74%
10110
74%
1100
74%
1101
74%
1110
74%
1111
74%
10111
72%
11000
71%
11001
71%
11010
71%
11011
71%
11100
69%
11101
69%
11110
69%
11111
69%
100000
68%
100001
66%
100010
66%
100011
65%
100100
63%
100101
62%
100110
60%
100111
60%
101000
60%
101001
59%
101010
59%
101011
59%
101100
59%
101101
59%
101110
54%
101111
53%
110000
51%
110001
47%
110010
46%
110011
46%
110100
41%
110101
41%
110110
38%
110111
31%
111000
31%
111001
31%
111010
29%
111011
28%
111100
26%
111101
22%
111110
22%
111111
22%
1000000
19%
1000001
19%
1000010
18%
1000011
18%
1000100
18%
1000101
18%
1000110
15%
1000111
15%
1001000
15%
1001001
13%
1001010
12%
1001011
9%
1001100
9%
1001101
9%
1001110
7%
1001111
7%
1010000
7%
No matching quizzes found
Score Distribution
Percent of People with Each Score
Percentile by Number Answered
Your Score History
You have not taken this quiz since the last reset